000 00480nam a2200181Ia 4500
008 090123s9999 xx 000 0 und d
082 _b42900
100 _aहुद्दार मधुकर
245 _aदगलबाज
250 _a1
260 _c2008
300 _a247
600 _aहुद्दार मधुकर
630 _aदगलबाज
700 _aहुद्दार मधुकर
730 _aदगलबाज
942 _cBOOK
999 _c80977
_d80977